[Event "Titled Tuesday intern op 23rd Apr Late"]
[Site "Chess.com INT"]
[Date "2024.04.23"]
[Round "1"]
[White "Novak, Ratko"]
[Black "Antunez, Soler Luis"]
[Result "0-1"]
[WhiteElo "2034"]
[BlackElo "2200"]
[PlyCount "56"]
[EventDate "2024.04.23"]
[EventType "swiss (blitz)"]
[EventRounds "11"]
[EventCountry "USA"]
[SourceTitle "CB18_2024"]
[SourceDate "2024.05.01"]
[SourceVersion "1"]
[SourceVersionDate "2024.05.01"]
[SourceQuality "2"]

1. d4 d5 2. c4 c6 3. cxd5 cxd5 4. Nc3 Nf6 5. f3 Nc6 6. e4 e6 7. e5 Ng8 8. f4 Nge7 9. Nf3 Nf5 10. Bb5 h5 11. 0-0 Bd7 12. Ba4 Qb6 13. Kh1 Ncxd4 14. Bxd7+ Kxd7 15. Ng5 h4 16. Na4 Qc6 17. Nxf7 Rh7 18. Ng5 Rh6 19. Nf7 Ng3+ 20. hxg3 hxg3+ 21. Nxh6 Bc5 22. Nxc5+ Qxc5 23. Be3 Rh8 24. Qxd4 Rxh6+ 25. Kg1 Qe7 26. Qxa7 Rh1+ 27. Kxh1 Qh4+ 28. Kg1 Qh2# 0-1

[Event "Titled Tuesday intern op 06th Feb Early"]
[Site "Chess.com INT"]
[Date "2024.02.06"]
[Round "2"]
[White "Dahlgren, James Allen"]
[Black "Novak, Ratko"]
[Result "1-0"]
[WhiteElo "1770"]
[BlackElo "2037"]
[PlyCount "133"]
[EventDate "2024.02.06"]
[EventType "swiss (blitz)"]
[EventRounds "11"]
[EventCountry "USA"]
[SourceTitle "CB07_2024"]
[SourceDate "2024.02.14"]
[SourceVersion "1"]
[SourceVersionDate "2024.02.14"]
[SourceQuality "1"]

1. d3 d5 2. f4 c5 3. Nf3 Nc6 4. g3 f6 5. Bg2 e5 6. 0-0 Bd6 7. e4 d4 8. f5 g6 9. g4 h5 10. h3 hxg4 11. hxg4 gxf5 12. gxf5 Nge7 13. a4 Rg8 14. Na3 Nxf5 15. exf5 Bxf5 16. Nh4 Bg4 17. Qe1 f5 18. Nc4 f4 19. Bxf4 Qd7 20. Bxe5 Bxe5 21. Nxe5 Nxe5 22. Qxe5+ Kd8 23. Rae1 Bh3 24. Qf6+ Kc8 25. Re7 Qd8 26. Kh2 Bxg2 27. Nxg2 a6 28. Qe6+ Kb8 29. Rff7 Ra7 30. Qe5+ Ka8 31. Nf4 Qc8 32. Qe6 Qb8 33. Qe5 Qc8 34. Nd5 Rh8+ 35. Rh7 Rxh7+ 36. Rxh7 Qd8 37. Nc7+ Kb8 38. Nxa6+ Ka8 39. Nc7+ Kb8 40. Nb5+ Ka8 41. Nxa7 Kxa7 42. Qxc5+ Kb8 43. Qe5+ Ka8 44. Qe7 Qb8+ 45. Qc7 Ka7 46. Qxb8+ Kxb8 47. Rd7 Ka7 48. Rxd4 Kb6 49. c3 Kc5 50. Rb4 b6 51. Rb5+ Kc6 52. Kg3 Kc7 53. Kf3 Kc6 54. Ke4 Kc7 55. c4 Kb7 56. d4 Ka7 57. Ke5 Ka6 58. Kd6 Kb7 59. b4 Ka8 60. Rh5 Ka7 61. b5 Kb7 62. Rh7+ Kc8 63. Kc6 Kd8 64. Kxb6 Ke8 65. a5 Kd8 66. a6 Kc8 67. a7 1-0

[Event "Titled Tuesday intern op 23rd Jan Late"]
[Site "Chess.com INT"]
[Date "2024.01.23"]
[Round "7"]
[White "Novak, Ratko"]
[Black "Pham, Le Thao Nguyen"]
[Result "1-0"]
[WhiteElo "2037"]
[BlackElo "2395"]
[PlyCount "127"]
[EventDate "2024.01.23"]
[EventType "swiss (blitz)"]
[EventRounds "11"]
[EventCountry "USA"]
[SourceTitle "CB05_2024"]
[SourceDate "2024.01.31"]
[SourceVersion "1"]
[SourceVersionDate "2024.01.31"]
[SourceQuality "1"]

1. d4 d5 2. c4 c6 3. cxd5 cxd5 4. Nc3 Nf6 5. f3 Nc6 6. e4 e6 7. e5 Nd7 8. f4 g6 9. Nf3 a6 10. h4 h5 11. Bd3 b5 12. a3 Nb6 13. Qc2 Ne7 14. Ng5 Bd7 15. 0-0 Bh6 16. f5 gxf5 17. g3 Rc8 18. Kh2 Nc4 19. Bf4 Qb6 20. Qf2 Na5 21. Be2 Bg7 22. Rfd1 Nb3 23. Rab1 a5 24. Bf3 b4 25. axb4 axb4 26. Ne2 Ba4 27. Qe3 Rc2 28. Kh3 Qc6 29. Nc1 Na5 30. Nd3 Qb6 31. Rdc1 b3 32. Nc5 Qb5 33. Ra1 Nc4 34. Qd3 Rxc1 35. Rxc1 Nxb2 36. Qc3 Nc4 37. Rb1 0-0 38. Nxa4 Qxa4 39. Qxb3 Qxb3 40. Rxb3 Nc6 41. Rd3 Rb8 42. Bxh5 Nd8 43. Rd1 Bf8 44. Ra1 Be7 45. Ra7 Kf8 46. Nh7+ Ke8 47. Bg5 Nc6 48. Rc7 N4a5 49. Bxe7 Nxe7 50. Nf6+ Kf8 51. Nd7+ Kg7 52. Nxb8 Ng6 53. Bxg6 Kxg6 54. Nc6 Nb3 55. Nd8 Nxd4 56. Nxf7 Nf3 57. Nd6 Nxe5 58. h5+ Kxh5 59. Re7 d4 60. Rxe6 Ng4 61. Nxf5 d3 62. Rd6 Kg5 63. Rd5 d2 64. Ne3+ 1-0

[Event "Titled Tuesday intern op 23rd Jan Late"]
[Site "Chess.com INT"]
[Date "2024.01.23"]
[Round "5"]
[White "Wu, Derek"]
[Black "Novak, Ratko"]
[Result "1-0"]
[WhiteElo "2255"]
[BlackElo "2037"]
[PlyCount "111"]
[EventDate "2024.01.23"]
[EventType "swiss (blitz)"]
[EventRounds "11"]
[EventCountry "USA"]
[SourceTitle "CB05_2024"]
[SourceDate "2024.01.31"]
[SourceVersion "1"]
[SourceVersionDate "2024.01.31"]
[SourceQuality "1"]

1. e4 d5 2. exd5 c6 3. dxc6 Nxc6 4. Nf3 e5 5. Bb5 Bd6 6. d4 exd4 7. Nxd4 Nge7 8. 0-0 0-0 9. Nxc6 Nxc6 10. h3 Bf5 11. Bd3 Bxd3 12. Qxd3 Nb4 13. Qd1 Be5 14. Nd2 Qc7 15. c3 Nd3 16. Nf3 Rad8 17. Nxe5 Qxe5 18. Qf3 Qb5 19. b3 Rd6 20. c4 Qd7 21. Be3 b6 22. Rfd1 Ne5 23. Qe2 Re8 24. Rxd6 Qxd6 25. Rd1 Qc6 26. Qd2 h6 27. Qd5 Qg6 28. Bf4 Qf6 29. Bg3 Ng6 30. Qd7 Re2 31. Qd8+ Qxd8 32. Rxd8+ Kh7 33. Rd7 Rxa2 34. Rxf7 h5 35. Bb8 Ra3 36. b4 a5 37. c5 bxc5 38. bxc5 Rc3 39. Bd6 a4 40. Ra7 a3 41. g3 Nh8 42. Kg2 Kh6 43. Bf8 Kg6 44. Rxg7+ Kf5 45. Ra7 Ng6 46. Bd6 Ne5 47. Bxe5 Kxe5 48. c6 Kd6 49. c7 Kd7 50. g4 hxg4 51. hxg4 Ke6 52. Rxa3 Rxc7 53. Rf3 Rc1 54. Kg3 Ke5 55. Kh4 Rc3 56. Rxc3 1-0